| 000 -LEADER |
| fixed length control field |
01067cam a2200217 i 4500 |
| 003 - CONTROL NUMBER IDENTIFIER |
| control field |
OSt |
| 005 - DATE AND TIME OF LATEST TRANSACTION |
| control field |
20200521132249.0 |
| 008 - FIXED-LENGTH DATA ELEMENTS--GENERAL INFORMATION |
| fixed length control field |
141223t20152015ne a b 101 0 eng |
| 020 ## - INTERNATIONAL STANDARD BOOK NUMBER |
| Cancelled/invalid ISBN |
9781138027114 |
| 082 00 - DEWEY DECIMAL CLASSIFICATION NUMBER |
| Classification number |
728MIL |
| Edition number |
23 |
| 111 2# - MAIN ENTRY--MEETING NAME |
| Meeting name or jurisdiction name as entry element |
International Conference on Vernacular Heritage, Sustainability and Earthen Architecture |
| Date of meeting |
(2014 : |
| Location of meeting |
Valencia, Spain) |
| 245 10 - TITLE STATEMENT |
| Title |
Earthen architecture : |
| Remainder of title |
past, present and future : proceedings of the International Conference on Vernacular Heritage, Sustainability and Earthen Architecture, Valencia, Spain, 11-13 September 2014 / |
| Statement of responsibility, etc |
editors, C. Mileto, F. Vegas, L. García Soriano & V. Cristini. |
| 300 ## - PHYSICAL DESCRIPTION |
| Extent |
xiii, 373 pages : |
| Other physical details |
illustrations ; |
| Dimensions |
26 cm + |
| Accompanying material |
1 CD-ROM (4 3/4 in.) |
| 500 ## - GENERAL NOTE |
| General note |
Accompanying CD-ROM contains PDF files replicating the book's texts and images. |
| 504 ## - BIBLIOGRAPHY, ETC. NOTE |
| Bibliography, etc |
Includes bibliographical references and index of authors. |
| 538 ## - SYSTEM DETAILS NOTE |
| System details note |
Adobe Acrobat. |
| 650 #0 - SUBJECT ADDED ENTRY--TOPICAL TERM |
| Topical term or geographic name as entry element |
Earth construction |
| Form subdivision |
Congresses. |
| 650 #0 - SUBJECT ADDED ENTRY--TOPICAL TERM |
| Topical term or geographic name as entry element |
Sustainable development |
| Form subdivision |
Congresses. |
| 700 1# - ADDED ENTRY--PERSONAL NAME |
| Personal name |
Mileto, Camilla, |
| Relator term |
editor. |
| 942 ## - ADDED ENTRY ELEMENTS (KOHA) |
| Source of classification or shelving scheme |
|